000 01559nam a2200121Ia 4500
008 220620s9999||||xx |||||||||||||| ||und||
245 0 _aFive Years of Separations
_bFeature Paper 2018
546 _aEnglish[eng]
650 _arecycled diatomaceous earth||solid phase microextraction||polycyclic aromatic hydrocarbons||gas chromatography-mass spectrometry||antibody-drug conjugate||biopharmaceutical||cytotoxicity||hydrophobicity||micellar electrokinetic chromatography||tandem mass spectrometry||linear ion trap||glycolipid||diacyltrehalose||Mycobacterium tuberculosis||bisphosphonates||risedronate||zoledronate||tiludronate||ZIC-HILIC||PDA||quantitation||tablets||ionic liquid stationary phase||gas chromatography||chromatographic selectivity||alkylated polycyclic aromatic hydrocarbons (alkylated PAHs)||diphenylamine||gunshot residues||hands||dry cotton swab||in-tube solid-phase extraction||capillary liquid chromatography||SEM-EDX||thyroid||dissolution||liquid chromatography-mass spectrometry||membrane filtration-treatment||membrane type-operation||membrane fouling mechanism||tannery industrial wastewater||vibratory shear-enhanced process (VSEP)||tricyclic antidepressants (TCAs)||sample treatment||biological fluids||UV filters||matrix solid-phase dispersion||μ-MSPD||miniaturized extraction technique||GC–MS/MS||cosmetic analysis||personal care products||fragrance allergens||preservatives||plasticizers||synthetic musks
700 _aSamanidou, Victoria||Lucena, Rafael
856 _uhttps://mdpi.com/books/pdfview/book/2738
942 _cEB
999 _c30607
_d30607